Mystery Taylor Swift Song #55 - Statistics

General Stats
  • This quiz has been taken 529 times
  • The average score is 80 of 174
Answer Stats
Song % Correct
I
95%
Evermore
91%
you
90%
a
88%
the
88%
it
84%
me
83%
to
83%
And
82%
in
81%
your
81%
is
80%
No
80%
when
80%
where
80%
be
79%
do
79%
I'm
77%
my
77%
On
77%
what
75%
go
74%
of
74%
That
73%
there
73%
was
72%
Who
72%
can
71%
for
71%
this
71%
we're
71%
But
70%
All
69%
it's
69%
like
68%
see
68%
too
67%
because
64%
can't
64%
by
63%
did
63%
happiness
61%
now
61%
at
60%
know
59%
one
57%
after
56%
I've
56%
our
55%
things
55%
just
54%
up
54%
these
53%
didn't
52%
look
52%
Tell
52%
every
51%
night
51%
mine
50%
From
49%
right
49%
true
49%
There'll
48%
down
47%
Leave
47%
loved
47%
new
47%
haven't
46%
above
45%
Both
45%
had
45%
Honey
45%
trees
45%
yet
45%
behind
44%
eyes
44%
midnight
44%
think
44%
with
44%
give
43%
him
43%
met
43%
Oh
43%
hurt?
42%
hurt
42%
years
42%
good
40%
want
40%
away
39%
spot
39%
body
38%
face
38%
get
38%
given
38%
history
38%
smile
38%
would've
38%
make
37%
man
37%
she'll
37%
Begin
36%
mean
36%
smirk?
36%
winning
36%
dancing
35%
music
35%
start
35%
stopped
35%
believe
34%
blood
34%
great
34%
head
34%
light
34%
next
34%
Past
34%
shit
34%
through
34%
lifetime
33%
beautiful
32%
deepest
32%
dividing
32%
fool
32%
hiding
32%
hope
32%
into
32%
making
32%
seven
32%
Sorry
32%
takes
32%
bruise
31%
hurts
31%
reinvention
31%
spots
31%
best
30%
cries
30%
fury
30%
guess
30%
price
30%
Showed
30%
weapons
30%
dress
29%
heaven
29%
pay
29%
pointed
29%
used
29%
curses
28%
divide
28%
facts
28%
fake
28%
glorious
28%
Haunted
28%
sunrise
28%
disbelief
27%
lay
27%
lessons
27%
rain
27%
villain
27%
wore
27%
goddamn
26%
teaches
26%
acid
25%
Across
25%
pillow
25%
leak
24%
niceties
24%
nightfall
24%
pulled
23%
terror
23%
giving
22%
Beyond
21%
forgiveness
21%
green
21%
flickers
20%
Dappled
13%
No matching quizzes found
Score Distribution
Percent of People with Each Score
Percentile by Number Answered
Your Score History
You have not taken this quiz